Stolen or strayed, this day, between Magdalen Bridge and the Petty Cury, on its road to the press, The university magazine. Had on when it disappeared a strait waistcoat. Whoever will give information thereof to its distressed owners, shall receive a reward of eighteen pence, or 3000 copies printed on very soft paper. N.B. Messrs. wit, common-sense, and grammar, are totally unsuspected of knowing any thing about it. Sydney College, March 1st, 1795.

Bibliographic Details
Corporate Author: Gale (Firm)
Format: eBook
Language:English
Published: [Cambridge] : [publisher not identified], [1795]
Subjects:
Online Access:Connect to the full text of this electronic book

MARC

Tag First Indicator Second Indicator Subfields
LEADER 00000cam a2200000 4500
001 in00003856310
005 20190415183819.0
006 m o d
007 cr |n||||||||n
008 030506s1795 enk|||| o 00| ||eng c
035 |a (CU-RivES)N72277 
035 |a (Uk-ES)006070735 
035 |a (OCoLC)508339044 
040 |a CU-RivES  |c CU-RivES  |d Cengage Gale  |e dcrb  |d UtOrBLW 
245 0 0 |a Stolen or strayed, this day, between Magdalen Bridge and the Petty Cury, on its road to the press, The university magazine. Had on when it disappeared a strait waistcoat. Whoever will give information thereof to its distressed owners, shall receive a reward of eighteen pence, or 3000 copies printed on very soft paper. N.B. Messrs. wit, common-sense, and grammar, are totally unsuspected of knowing any thing about it. Sydney College, March 1st, 1795. 
264 1 |a [Cambridge] :  |b [publisher not identified],  |c [1795] 
300 |a 1 online resource (1 sheet (1 unnumbered page) pages)  
336 |a text  |b txt  |2 rdacontent 
337 |a computer  |b c  |2 rdamedia 
338 |a online resource  |b cr  |2 rdacarrier 
500 |a Bound into "The University Magazine, for January 1795" (P6531). 
500 |a Imprint conjectured by cataloguer. 
500 |a Dimentions: 10cm. x 16cm.; printed on one side. 
510 4 |a English Short Title Catalog,  |c N72277. 
500 |a Reproduction of original from Cambridge University Library. 
500 |a Electronic resource. 
650 0 |a Thieves  |z England  |v Early works to 1800. 
655 7 |a Electronic books.  |2 local 
655 7 |a Advertisements.  |2 rbgenr 
710 2 |a Gale (Firm)  |0 http://id.loc.gov/authorities/names/no2008071348 
752 |a Great Britain  |b England  |d Cambridge. 
856 4 0 |u http://proxy.library.tamu.edu/login?url=http://find.galegroup.com/ecco/infomark.do?contentSet=ECCOArticles&docType=ECCOArticles&bookId=1688900400&type=getFullCitation&tabID=T001&prodId=ECCO&docLevel=TEXT_GRAPHICS&version=1.0&source=library&userGroupName=txshracd2898  |z Connect to the full text of this electronic book  |t 0 
999 f f |s 255276bd-223e-395d-a13c-f9dd3e3c77e8  |i 27fa0dc1-9bfe-3dcb-af62-50a87cab63be  |t 0 
952 f f |a Texas A&M University  |b College Station  |c Electronic Resources  |d Available Online  |t 0  |h No information provided 
998 f f |t 0  |l Available Online